Irish road words - Statistics

General Stats
  • This quiz has been taken 17 times
  • The average score is 6 of 11
Answer Stats
Hint Answer % Correct
bus bus
100%
bicycle rothar
100%
boat bád
89%
car carr
89%
plane eitleán
67%
train traein
67%
ship long
44%
van veain
44%
pavement cosán
11%
signpost comhartha eolais
0%
lorry leoraí
0%
No matching quizzes found
Score Distribution
Percent of People with Each Score
Percentile by Number Answered
Your Score History
You have not taken this quiz